| 000 -ლიდერი |
| ფიქსირებული სიგრძის საკონტროლო ველი |
01778nam a2200289Ia 4500 |
| 001 - საკონტროლო ნომერი |
| საკონტროლო ველი |
20002 |
| 003 - საკონტროლო ნომრის იდენტიფიკატორი |
| საკონტროლო ველი |
GE_BSU |
| 005 - ბოლო ოპერაციის თარიღი და დრო |
| საკონტროლო ველი |
20250318153759.0 |
| 008 - ფიქსირებული სიგრძის მონაცემთა ელემენტები - ზოგადი ინფორმაცია |
| ფიქსირებული სიგრძის საკონტროლო ველი |
181216s2013||||ge |||||||||||||| ||geo|| |
| 020 ## - წიგნის საერთაშორისო სტანდარტული ნომერი |
| International Standard Book Number |
9789941219177 |
| 040 ## - კატალოგიზაციის წყარო |
| Transcribing agency |
GE_BSU |
| 041 ## - ენის კოდი |
| Language code of text/sound track or separate title |
geo |
| 080 ## - უნივერსალური ათობითი კლასიფიკაციის ინდექსი |
| Universal Decimal Classification number |
61(031) უ-47 |
| 245 ## - ცნობა სათაურის შესახებ |
| Title |
უნივერსალური სამედიცინო ენციკლოპედია : |
| Remainder of title |
ადამიანის სხეულის ანატომია, ორგანოთა სისტემები, დაავადებების სიმპტომები, მკურნალობა, პრევენცია / |
| Statement of responsibility, etc |
მთ. რედ. ნინო დეკანოსიძე ; მთარგმნ. : თამარ ხუჭუა, აკაკი ბარკალაია. |
| 250 ## - გამოცემის ცნობა |
| Edition statement |
მე-2 გამოცემა |
| 264 ## - წარმოების, გამოცემის, დისტრიბუციის და სხვა ცნობები |
| გამოცემის, წარმოების, დისტრიბუციის... ადგილი |
თბილისი : |
| გამოცემის, წარმოების, დისტრიბუციის... სახელწოდება |
პალიტრა L, |
| გამოცემის, წარმოების, დისტრიბუციის... თარიღი |
2015. |
| 300 ## - ფიზიკური აღწერა |
| Extent |
608 გვ. : |
| Other physical details |
ილ. ; |
| Dimensions |
26 სმ. |
| 653 ## - INDEX TERM--UNCONTROLLED |
| Uncontrolled term |
მედიცინა |
| 653 ## - INDEX TERM--UNCONTROLLED |
| Uncontrolled term |
უნივერსალური სამედიცინო ენციკლოპედია |
| 653 ## - INDEX TERM--UNCONTROLLED |
| Uncontrolled term |
ადამიანის სხეულის ანატომია |
| 653 ## - INDEX TERM--UNCONTROLLED |
| Uncontrolled term |
ორგანოთა სისტემები, დაავადებების სიმპტომები, მკურნალობა, პრევენცია |
| 700 ## - ADDED ENTRY--PERSONAL NAME |
| Personal name |
დეკანოსიძე, ნინო |
| Relator term |
მთ. რედ. |
| 9 (RLIN) |
15790 |
| 700 ## - ADDED ENTRY--PERSONAL NAME |
| Personal name |
ხუჭუა, თამარ |
| Relator term |
მთარგმნ. |
| 9 (RLIN) |
24606 |
| 700 ## - ADDED ENTRY--PERSONAL NAME |
| Personal name |
ბარკალაია, აკაკი |
| Relator term |
მთარგმნ. |
| 9 (RLIN) |
24607 |
| 942 ## - ADDED ENTRY ELEMENTS (KOHA) |
| Koha item type |
წიგნი |
| Source of classification or shelving scheme |
|